|
|
|
|
| LEADER |
00000nam a22000005a 4500 |
| 001 |
1394 |
| 003 |
CL-ChBUA |
| 005 |
20120815102730.0 |
| 008 |
070301s2006 xxu 000 0 spa |
| 020 |
|
|
|a 9875671770
|
| 040 |
|
|
|a CL-ChBUA
|c CL-ChBUA
|
| 082 |
0 |
0 |
|a 291.4
|
| 090 |
|
|
|c 1394
|d 1394
|
| 100 |
1 |
|
|a Gane, Roy.
|
| 245 |
1 |
0 |
|a Sin temor al juicio
|
| 260 |
|
|
|b A.C.E.S.
|c 2006.
|
| 300 |
|
|
|a 140 p.
|c 20 cm.
|
| 504 |
|
|
|a Indice.
|
| 650 |
|
4 |
|a ESPIRITUALIDAD.
|
| 650 |
|
4 |
|a JUCIO.
|
| 650 |
|
4 |
|a SANTUARIO.
|
| 650 |
|
4 |
|a PROFECIAS.
|
| 942 |
|
|
|c LIB
|
| 952 |
|
|
|0 0
|1 0
|4 0
|7 0
|9 1954
|a UNACH
|b UNACH
|c 200
|d 2007-03-05
|i 39.558.
|l 1
|o 291.4 / G 196.
|p 2953
|r 2016-11-08 00:00:00
|s 2015-10-09
|u 1954
|w 2012-08-08
|y LIB
|k 291.4 / G 196.
|
| 952 |
|
|
|0 0
|1 0
|4 0
|7 0
|9 68426
|a UNACH
|b UNACH
|c 200
|d 2012-02-14
|i 48.693
|l 4
|m 3
|o 291.4 / G 196 c.2
|p 69558
|r 2018-06-04 00:00:00
|s 2017-11-30
|u 68426
|w 2012-08-08
|y LIB
|k 291.4 / G 196 c.2
|
| 999 |
|
|
|c 1394
|d 1394
|